000 01603nam0a22003851 4500
001 rc\2281587
005 20110829191642.8
035 _a(NLR Aleph) 006560833
090 _a6841602
_c6841602
100 _a20110829d1977 |||y0rusy50 ca
101 1 _arus
_cslo
102 _aRU
105 _ay z |||||
200 1 _aТроянский конь цивилизации
_fИ. Фратрич, К. Халупа, Ю. Кралик
_gПер. со словац. Т.Н. Габинской
_gРед. д-р физ.-мат. наук А.Я. Прессман
_gПредисл. чл.-кор. АН СССР Ю.А. Израэля
210 _aМосква
_cМир
_d1977
215 _a247 с.
_d20
225 1 _aБибл. серия
225 1 _aВ мире науки и техники
311 _aПеревод изд.: Trojsky kon civilizacie/ J. Fratric, K. Сhalupa, J. Kralik. C J. Fratric, K. Сhalupa, Juraj Kralik, 1975
454 0 _12001#$aTrojsky kon civilizacie$fJ. Fratric, K. Сhalupa, J. Kralik
_1700#1$aFratric$bJ.
_1701#1$aСhalupa$bK.
_1701#1$aKralik$bJ.
606 _aОхрана окружающей среды
_2psbo
686 _aБ1(4Че)я9
_2rubbk
700 1 _aФратрич
_bИ.
701 1 _aКралик
_bЮ.
701 1 _aХалупа
_bК.
702 1 _aГабинская
_bТ. Н.
_4730
702 1 _aИзраэль
_bЮ. А.
_4080
702 1 _aПрессман
_bА. Я.
_4340
801 0 _aRU
_bNLR
_gpsbo
801 1 _aRU
_bELAR
_2rusmarc
852 _aNLR
_j77-3/11622
899 _aRuMoRGB
_jБ 77-27/333
899 _aRuMoRGB
_jБ 77-27/334
942 _cBOOK
980 _aNB